000 00644nam a2200253 a 4500
001 nice12345678
003 IN_TiNIC
005 20260116013743.0
008 050524s1998 lona grp 000 0 eng
020 _a0199398
_c495
082 0 0 _a330.095491
_bHAS
100 _aHasan, Parvez
245 _aPakistan`s Economy at the Cross Roads
260 _aLondan
_bOxford University Press
_c1998
300 _a376p
500 _aincludes index and biblioraphy
505 2 _aIndex
650 _aEconomics-Pakistan
650 _aPakistan-Economics
700 1 _aHasan, Parvez
902 _bSRS
942 _cBK
999 _c12317
_d12317